[Event "HCL-E1487"]
[Site "www.playchess.de"]
[Date "2006.02.05"]
[Round "1"]
[White "Vince"]
[Black "Glomp"]
[WhiteElo "1684"]
[BlackElo "1668"]
[PlyCount "87"]
[Result "1-0"]

1.d4 {Guten Morgen,wieder mal spielen wir,good 
luck,Vincent}  d5 {Ich wünsche auch good luck.}  
2.e3 Nf6 3.Bd3 e6 4.Nd2 c5 5.Ngf3 Nbd7 6.O-O Bd6 
7.c4 O-O 8.cxd5 exd5 9.h3 c4 10.Bf5 Re8 11.Ng5 h6 
12.Ngf3 Nf8 13.Bc2 b5 14.a4 b4 15.Ne5 Ba6 16.Ndf3 
N8d7 17.Nxd7 Qxd7 18.Nh4 b3 19.Bf5 Qc7 20.Re1 Bc8 
21.Qf3 Be6 22.Re2 Rac8 23.Rd2 Bb4 24.Rd1 c3 
25.Bxe6 fxe6 26.bxc3 Bxc3 27.Rb1 Qc4 28.Ba3 Qxa4 
29.Bd6 a5 {Merry Christmas!}  30.Ng6 {Frohe 
Weihnachten}  Rc4 31.Kh2 Bb4 32.Be5 Ne4 33.Nf4 g5 
34.Qh5 Qd7 35.Qg6+ Kf8 36.Qxh6+ Ke7 37.Nd3 Kd8 
38.Rxb3 Qa4 39.Rbb1 Qd7 40.Nxb4 axb4 41.Rba1 b3 
42.f3 Nc3 43.Ra8+ Rc8 44.Bf6+ 1-0

[Event "HCL-E1525"]
[Site "www.playchess.de"]
[Date "2006.02.05"]
[Round "22"]
[White "BohdanL"]
[Black "PieceSeeker3"]
[WhiteElo "1499"]
[BlackElo "1596"]
[PlyCount "38"]
[Result "0-1"]

1.Nf3 {Hi, nice to meet you again}  Nf6 {Hello 
again}  2.g3 Nc6 3.Bg2 d5 4.O-O e5 5.d3 Bg4 6.Nbd2 
Bd6 7.b3 O-O 8.h3 Bh5 9.Bb2 Re8 10.a3 a5 11.e3 e4 
12.Bxf6 Qxf6 13.dxe4 dxe4 14.Nxe4 Rxe4 15.g4 Bxg4 
16.hxg4 Rxg4 17.Kh1 Qg6 18.Bh3 Qh6 19.Nh2 
Qxh3 0-1

[Event "HCL-A2572"]
[Site "www.playchess.de"]
[Date "2006.02.05"]
[Round "7"]
[White "guanzi"]
[Black "pawnstorm"]
[WhiteElo "1627"]
[BlackElo "1521"]
[PlyCount "50"]
[Result "0-1"]

1.c4 {Hi again.}  c6 {Hello}  2.d4 d5 3.Nc3 dxc4 
4.a4 Bg4 5.f3 Bd7 6.e4 b5 7.axb5 cxb5 8.b3 b4 
9.Nd5 e6 10.Nxb4 Bxb4+ 11.Bd2 {braindead}  Bxd2+ 
12.Qxd2 cxb3 13.Qc3 Nf6 14.Bc4 O-O 15.Ne2 Nc6 
16.O-O Qb6 17.Rfd1 Rab8 18.Rab1 b2 19.Rd2 Qb4 
20.Qxb4 Rxb4 21.Ba2 Rfb8 22.d5 exd5 23.Bxd5 Nxd5 
24.exd5 Na5 25.d6 Nc4 0-1

[Event "HCL-B3862"]
[Site "www.playchess.de"]
[Date "2006.02.05"]
[Round "2"]
[White "matthew"]
[Black "ama49"]
[WhiteElo "1314"]
[BlackElo "1162"]
[PlyCount "21"]
[Result "1-0"]

1.e4 {hello}  e5 {Hello again}  2.Nf3 {ha i 
thought we'd played before!}  Nc6 3.Bb5 a6 {2-0 
for you!!}  4.Ba4 {is it really!? whoa you must of 
been unlucky!}  b5 5.Bb3 h6 6.d4 exd4 7.Nxd4 Bb7 
8.Qf3 f6 9.Nf5 Ne5 10.Qh5+ Nf7 
11.Qxf7+ 1-0

[Event "HCL-C3880"]
[Site "www.playchess.de"]
[Date "2006.02.05"]
[Round "14"]
[White "Meerdap"]
[Black "zemljanin"]
[WhiteElo "1132"]
[BlackElo "1558"]
[PlyCount "96"]
[Result "0-1"]

1.e4 e5 2.d3 Nc6 3.c3 Bc5 4.Nf3 d6 5.h3 Nge7 6.a4 
Be6 7.b4 Bxb4 8.cxb4 Nxb4 9.Ba3 Nbc6 10.Be2 Ng6 
11.g3 O-O 12.Nc3 Na5 13.Nd2 b6 14.h4 Nb7 15.h5 Nh8 
16.h6 g6 17.Bc1 f6 18.Nf3 Nf7 19.Nh2 c6 20.Bg4 Nc5 
21.Ra3 d5 22.Nb1 dxe4 23.dxe4 Qxd1+ 24.Kxd1 Bb3+ 
25.Ke2 Bc4+ 26.Kf3 Nxe4 27.Kxe4 Bd5+ 28.Ke3 Bxh1 
29.Bf3 Bxf3 30.Kxf3 Nd6 31.Rc3 Nf5 32.Kg2 Nd4 
33.Nf3 c5 34.Nxd4 exd4 35.Rd3 g5 36.Nd2 Kf7 37.Nc4 
Ke6 38.a5 b5 39.Na3 a6 40.Bb2 f5 41.Bc1 Kf6 42.Kf3 
Rae8 43.Nc2 Kg6 44.Na3 {(offering draw)}  Kxh6 
45.Nc2 Re4 46.Rd1 Kg6 47.Ne1 g4+ 48.Kg2 
c4 0-1

[Event "HCL-A2538"]
[Site "www.playchess.de"]
[Date "2006.02.05"]
[Round "7"]
[White "scaper"]
[Black "juancabeta"]
[WhiteElo "1330"]
[BlackElo "1700"]
[PlyCount "73"]
[Result "1-0"]

1.d4 e6 2.e4 d5 3.e5 c5 4.c3 Nc6 5.Nf3 cxd4 6.cxd4 
Bb4+ 7.Bd2 Nh6 8.Bb5 O-O 9.Bxc6 Bxd2+ 10.Qxd2 bxc6 
11.h3 a5 12.g4 Qb6 13.g5 Nf5 14.b3 Qb4 15.Qxb4 
axb4 16.a3 Ra5 17.O-O Ba6 18.Rc1 Be2 19.Nbd2 bxa3 
20.b4 Ra4 21.Rxc6 Bb5 22.Rb6 Be2 23.Kg2 Bxf3+ 
24.Nxf3 h6 25.gxh6 Nxh6 26.Rb7 Nf5 27.b5 Rc8 28.b6 
Nxd4 29.Nxd4 Rxd4 30.Rxa3 Rb4 31.Rf3 Rf8 32.Rg3 
Ra8 33.Rf3 Re4 34.Rfxf7 Rxe5 35.Rfxg7+ Kf8 
36.Rbf7+ Ke8 37.Rfa7 1-0

[Event "HCL-B3785"]
[Site "www.playchess.de"]
[Date "2006.02.05"]
[Round "20"]
[White "GMO"]
[Black "ulibear"]
[WhiteElo "1304"]
[BlackElo "1302"]
[PlyCount "104"]
[Result "0-1"]

1.e4 c5 2.Bc4 e6 3.Nf3 d5 4.exd5 exd5 5.Be2 Nc6 
6.O-O Be7 7.d3 Nf6 8.h3 O-O 9.Bf4 Bd6 10.Bxd6 Qxd6 
11.Nbd2 d4 12.Nc4 Qc7 13.Nfd2 b5 14.Na3 a6 15.Bf3 
Bb7 16.Ne4 Nxe4 17.Bxe4 Ne5 18.Bxb7 Qxb7 19.Qh5 
Rae8 20.Rae1 f6 21.Nb1 g6 22.Qd1 Nf7 23.Rxe8 Rxe8 
24.Re1 Re5 25.Rxe5 Nxe5 26.Qe1 Kf7 27.Nd2 Qd5 
28.b3 f5 29.Qe2 h5 30.c4 dxc3 31.Nb1 b4 32.a3 Qxd3 
33.Qxe5 Qxb1+ 34.Kh2 Qxb3 35.Qc7+ Kf6 36.Qd6+ Qe6 
37.Qf8+ Qf7 38.Qd6+ Qe6 39.Qf8+ Kg5 40.Qd8+ Kf4 
41.Qc7+ Qe5 42.g3+ Ke4 43.Qc6+ Qd5 44.Qe8+ Kd3 
45.axb4 cxb4 46.Qe3+ Kc4 47.Qe2+ Kb3 48.Qxa6 Qd2 
49.Kg2 Qd5+ 50.Kg1 Qd1+ 51.Kg2 Qd5+ 52.Kg1 
c2 0-1

[Event "HCL-C4123"]
[Site "www.playchess.de"]
[Date "2006.02.06"]
[Round "10"]
[White "Tribun"]
[Black "Skipper_Robert"]
[WhiteElo "857"]
[BlackElo "968"]
[PlyCount "78"]
[Result "0-1"]

1.e4 e5 2.Nc3 Bc5 3.d3 Qf6 4.Nf3 h6 5.Nd5 Qd6 
6.Bd2 c6 7.Nc3 {Ich verabschiede mich für 
heute.-J.B.Kerner kocht muß ich sehen.}  b5 {ah 
ja}  8.Qe2 Nf6 9.Be3 b4 10.Na4 Bxe3 {mache jetzt 
Schluss, hab schon wieder eine Dame vor die Säue 
geworfen, gute Nacht}  11.Qxe3 {oh.....bitter}  c5 
12.Nxc5 Ng4 {na doch noch nenn zug Heute}  13.Qe2 
{Ja die Sucht is größer}  Qxc5 14.Qd2 Nc6 15.O-O-O 
Nxf2 16.Be2 Ba6 17.d4 Qa5 18.Kb1 Nxh1 19.Nxe5 Bxe2 
20.Qxe2 b3 21.cxb3 Nb4 22.a3 Nc6 23.Qf1 f6 24.Nd3 
Nxd4 25.Qxh1 Nxb3 26.Nf2 Rc8 27.Rxd7 Kxd7 {was ist 
das?}  28.Qd1+ {Der Anfang vom Ende- und ich 
wollte Dir wenigstens einmal Schach bieten, damit 
es nicht zu langweilig für Dich wird}  Nd2+ {ganz 
schön clever}  29.Ka2 Rhd8 30.Qg4+ Kc7 {bringst 
mich hier vöölig aus dem Rhythmus}  31.Qxg7+ 
{schuldigung......is doch blos noch japsen}  Kb8 
32.Qg3+ Kb7 33.Nh3 Rc2 34.Qg7+ Kc8 35.Qxf6 Qb5 
36.Qe6+ Rd7 37.Qg8+ Kc7 38.Qg3+ Rd6 39.e5 Qxb2+ 
{Gute Nacht, Gruß an Steffi!}  0-1

[Event "HCL-C4032"]
[Site "www.playchess.de"]
[Date "2006.02.06"]
[Round "4"]
[White "JULIUS"]
[Black "aussie"]
[WhiteElo "813"]
[BlackElo "1109"]
[PlyCount "81"]
[Result "1-0"]

1.d4 d5 2.Nf3 Nc6 3.Bf4 Bg4 4.Ne5 Nxe5 5.Bxe5 f6 
6.Bf4 e6 7.g3 Qd7 8.Bg2 O-O-O 9.O-O Bb4 10.a3 Bd6 
11.Bxd6 Qxd6 12.Nc3 c6 13.h3 Bh5 14.Qd2 g5 15.e4 
h6 16.exd5 exd5 17.Rfe1 Ne7 18.Re3 Nf5 19.Ree1 Bg6 
20.b4 b5 21.Nd1 h5 22.Ne3 Rde8 23.Nxf5 Bxf5 
24.Rxe8+ Rxe8 25.Re1 Rxe1+ 26.Qxe1 Qe6 27.Qxe6+ 
Bxe6 28.h4 g4 29.f3 f5 30.Kf2 a6 31.Ke3 Kd7 32.Kf4 
Ke7 33.Kg5 Kf7 34.Kxh5 Kf6 35.fxg4 fxg4 36.Bf1 
Bf7+ 37.Kxg4 Be6+ 38.Kf4 Bf7 39.Bd3 Bg6 40.Bxg6 
Kxg6 41.g4 1-0

[Event "HCL-A2550"]
[Site "www.playchess.de"]
[Date "2006.02.06"]
[Round "7"]
[White "kylejmiles"]
[Black "Aggie"]
[WhiteElo "1472"]
[BlackElo "1342"]
[PlyCount "54"]
[Result "0-1"]

1.e4 e5 2.Nf3 Nc6 3.Bb5 Nge7 4.O-O a6 5.Ba4 b5 
6.Bb3 Ng6 7.d3 Bb7 8.Be3 Be7 9.Nbd2 O-O 10.h3 Kh8 
11.c3 f5 12.exf5 Rxf5 13.Bc2 Rf6 14.Qe2 d5 15.Rae1 
a5 16.Bg5 Re6 17.Bxe7 Rxe7 18.Nh2 d4 19.Ne4 dxc3 
20.bxc3 Nf4 21.Qf3 Rb8 22.Ng4 Qf8 23.Ne3 Rf7 
24.Qd1 h6 25.Qg4 a4 26.g3 Bc8 27.Qg6 
Nxg6 0-1

[Event "HCL-T258"]
[Site "www.playchess.de"]
[Date "2006.02.06"]
[Round "16"]
[White "GCP"]
[Black "knightprancer"]
[WhiteElo "1398"]
[BlackElo "1284"]
[PlyCount "79"]
[Result "1-0"]

1.b4 e5 {Hi once again ! Glad that you joined ,you 
play good fightin chess,all the best !}  2.Bb2 
{many thanks ;) ... I hope in an amusing game}  d6 
{if my concentration is on then I can play the 
Sokolsky well and if my focus is lacking then I 
crash and burn like my first two losses of this 
tournament}  3.b5 {I never played the Sokolowski 
with white ... let's see what will happen !}  Bf5 
{I've not played it as black until this tournament 
.it's been fun !}  4.e3 Qg5 5.Nf3 Qe7 6.c4 Nf6 
7.Nc3 g6 8.Nh4 Bg4 9.Be2 Bd7 10.O-O Bg7 11.a4 O-O 
12.Rc1 c5 13.Nf3 b6 14.Ng5 a6 15.Nge4 a5 16.Nxf6+ 
Bxf6 17.Nd5 Qd8 18.Bg4 Bg7 19.Bxd7 Nxd7 20.Re1 Nf6 
21.d4 Nxd5 22.cxd5 cxd4 23.exd4 Rc8 24.Rxc8 Qxc8 
25.dxe5 Re8 26.f4 Bh6 27.g3 dxe5 28.fxe5 Qh3 
29.Qd4 Kf8 30.Qxb6 Qg4 {Good afternoon !}  31.d6 
{hi :))) ... I'm just came back from a Salsa 
Cubana competion ... danced with bad results}  Bf4 
{sorry to hear that ,hope next time you have a 
better result ! is that a local dance tournament 
or one in South America?}  32.Qf2 {only local ... 
but it is really a good idea to organize the next 
one in South America !}  Bg5 {Is Spanish dancing 
very popular in italy ?}  33.Qd4 {yes there are a 
lot of people dancing salsa (it's a Cuban dance) 
and a lot of Salsa nightclub and disco}  Qxd4+ {is 
the dancing made of of mixed agees or mainly ,lets 
say 35 yrs - 60 ?}  34.Bxd4 {the amjority is in 20 
- 40 yrs; many over 40 and some under 20...}  Bd2 
{where did you learn to speak english? you do 
quite well !}  35.Rd1 {scholastic knowledge ... 
but I speak it every day at work, after 5 years 
I've learn something !!! ... aren't you jocking 
???}  Bb4 {nope. I'am often amazed at the number 
of people who communicate in english and do it 
well !}  36.d7 {It's the business language and 
it's also easier respect the others}  Ra8 {Do you 
like pizza,if so what is your favorite kind ? For 
myself I enjoy seafood pizza with shrimp, smoked 
salmon ,clams and anchovies just a few .}  37.Bb6 
{the "fisherman pizza" ...
I like every kind of pizza, especially the 
"woodcutter pizza" with tomato, mozzarella, 
mushrooms and pork sausage}  Be7 {sounds tasty ! 
how are the pizza crusts done ,thick or thin ? I 
prefer thick soft crusts .}  38.d8Q+ {the original 
Naples pizza is very thick and soft; here in Rome 
is made soft with thick border: it's due to the 
typical firewood oven cooking ... I hope my last 
phrase is in an understandable english !}  Bxd8 {I 
understood clearly ! Has Pizza Hut restraunts from 
the USA set up in Italy or is pizza mainly a local 
independant operation ?}  39.Rxd8+ {there are so 
many local "pizzeria" that it's really hard for 
any "restaurant firm" to be successful}  Rxd8 
40.Bxd8 1-0

[Event "HCL-E1522"]
[Site "www.playchess.de"]
[Date "2006.02.06"]
[Round "2"]
[White "Gio"]
[Black "vhpower"]
[WhiteElo "2000"]
[BlackElo "1607"]
[PlyCount "38"]
[Result "0-1"]

1.d4 d5 2.c4 c6 3.Nc3 Nf6 4.Bg5 Nbd7 5.Nf3 e6 6.e4 
Be7 7.e5 Ng8 8.Bxe7 Nxe7 9.c5 O-O 10.Bd3 f6 
11.exf6 Nxf6 12.Ne5 Bd7 13.Qc2 Be8 14.Ne2 Bg6 
15.Nf4 Bxd3 16.Qxd3 Qc8 17.O-O Qe8 18.Nxe6 Qh5 
19.Nxf8 Rxf8 0-1

[Event "HCL-A2590"]
[Site "www.playchess.de"]
[Date "2006.02.06"]
[Round "8"]
[White "PhilipKaveny"]
[Black "hal1958"]
[WhiteElo "1396"]
[BlackElo "1421"]
[PlyCount "36"]
[Result "0-1"]

1.e4 e5 {have a nice game}  2.Bc4 {You play very 
well against me}  Nf6 3.Nf3 Nc6 4.Ng5 d5 5.exd5 
Nxd5 6.Nxf7 {This i how you beat me last time}  
Kxf7 7.Qf3+ Ke6 8.Nc3 Nce7 9.d4 Qd6 10.Ne4 Qb4+ 
11.c3 Qxc4 12.Nc5+ Kd6 13.dxe5+ Kxc5 14.b4+ Kc6 
15.b5+ Qxb5 16.a4 Qc4 17.Bb2 Bg4 {This is a very 
strange game. I'm still wondering what your plan 
is.}  18.Qxg4 {I lost a piece by mistake after  I 
made my sack which I think was sound. Now  of 
course I am lost  but I will take a couple of days 
to resign}  Qxg4 0-1

[Event "HCL-A2564"]
[Site "www.playchess.de"]
[Date "2006.02.06"]
[Round "24"]
[White "scotty4u"]
[Black "PhilipKaveny"]
[WhiteElo "1332"]
[BlackElo "1379"]
[PlyCount "51"]
[Result "1-0"]

1.e4 c5 2.Nf3 d6 3.Bc4 e6 4.O-O Nc6 5.d3 a6 6.a3 
g6 7.Ng5 h6 8.Nf3 b5 9.Ba2 Bb7 10.Be3 Bg7 11.Nc3 
b4 12.Ne2 Bxb2 13.Rb1 Bxa3 14.d4 cxd4 15.Nfxd4 e5 
16.Nf3 Qf6 17.Nd2 Nd4 18.Nc4 Bxe4 19.Nxd4 exd4 
20.Bxd4 Qg5 21.f3 O-O-O 22.Bxh8 d5 23.Nxa3 Qe3+ 
24.Rf2 Bf5 25.Rxb4 Qxa3 26.Qb1 1-0

[Event "HCL-E1553"]
[Site "www.playchess.de"]
[Date "2006.02.06"]
[Round "2"]
[White "badplayer"]
[Black "Eishockeytorwart"]
[WhiteElo "1591"]
[BlackElo "1949"]
[PlyCount "50"]
[Result "0-1"]

1.e4 {Hullo Wish u good luck & a good game}  e5 
{welcome from germany}  2.Nf3 Nc6 3.Bb5 a6 4.Ba4 
Nf6 5.O-O Be7 6.Re1 b5 7.Bb3 d6 8.c3 Bg4 9.h3 Bh5 
10.d3 O-O 11.Be3 d5 12.exd5 Nxd5 13.Nbd2 Nxe3 
14.Rxe3 Bg5 15.Re2 Bh6 16.Qe1 Bxd2 17.Qxd2 Bxf3 
18.gxf3 Qf6 19.Bd5 Rad8 20.Be4 Ne7 21.Kh2 Ng6 
22.Bxg6 fxg6 23.Re3 Qf4+ 24.Kh1 Qh6 25.Kh2 
Rxf3 0-1

[Event "HCL-C4072"]
[Site "www.playchess.de"]
[Date "2006.02.06"]
[Round "7"]
[White "JerryReneau"]
[Black "Doris"]
[WhiteElo "1079"]
[BlackElo "537"]
[PlyCount "87"]
[Result "1-0"]

1.d4 d5 {Hi - good luck.}  2.e3 {u2}  Nf6 3.c4 e6 
4.c5 Nc6 5.Bb5 Bd7 6.Nf3 Be7 7.Bd2 O-O 8.O-O Ne4 
9.Nc3 a6 10.Bxc6 Bxc6 11.Ne5 Be8 12.Nxe4 Bb5 
13.Re1 Bd3 14.Qb3 Bxe4 15.f3 Bf5 16.Qxb7 a5 17.Nc6 
Qe8 18.Qxc7 Bd8 19.Qb7 Bf6 20.Bxa5 Kh8 21.b4 Bd3 
22.Bc7 Qd7 23.Na5 Bb5 24.Bd6 Qxd6 25.cxd6 Rfd8 
26.Qxb5 Rdg8 27.Rac1 h6 28.Rc3 Bd8 29.Rec1 Bf6 
30.Nc6 Raf8 31.Ne7 Bxe7 32.dxe7 Rfb8 33.Qd3 Rge8 
34.R3c7 f5 35.e4 g6 36.Rd7 Rxb4 37.Rd8 Kg7 38.Rxe8 
Kf7 39.Rcc8 Rb2 40.Qa6 dxe4 41.Qa7 Rb1+ {this is 
hopeless.....}  42.Kf2 Rd1 43.Ref8+ Kg7 
44.e8Q+ 1-0

[Event "HCL-E1539"]
[Site "www.playchess.de"]
[Date "2006.02.06"]
[Round "2"]
[White "Glomp"]
[Black "ippuli"]
[WhiteElo "1564"]
[BlackElo "1614"]
[PlyCount "31"]
[Result "1-0"]

1.e4 {Hello again and good luck!}  e5 {To you, 
too....}  2.Nf3 f5 3.Nxe5 Qf6 4.Nc4 fxe4 5.Nc3 Qg6 
6.d3 exd3 7.Bxd3 Qxg2 8.Be4 Qh3 9.Nd5 Na6 10.Qe2 
Ne7 11.Bg5 Qe6 12.Nf4 Qf7 13.O-O-O c6 14.Nd6+ 
{Ouch!}  Kd8 {Oh shit!!!}  15.Nxf7+ Ke8 
16.Nxh8 1-0

[Event "HCL-A2538"]
[Site "www.playchess.de"]
[Date "2006.02.06"]
[Round "4"]
[White "juancabeta"]
[Black "alvimrf"]
[WhiteElo "1700"]
[BlackElo "1784"]
[PlyCount "26"]
[Result "0-1"]

1.e4 c5 2.d4 cxd4 3.Qxd4 Nc6 4.Qa4 Qa5+ 5.Nc3 Qxa4 
6.Nxa4 Nf6 7.Bc4 Nxe4 8.Nf3 a6 9.Nb6 Rb8 10.Bd5 
Nf6 11.Bxc6 bxc6 12.Nxc8 Rxc8 13.O-O 
g6 0-1

[Event "HCL-M861"]
[Site "www.playchess.de"]
[Date "2006.02.06"]
[Round "9"]
[White "Harijs"]
[Black "PaulH"]
[WhiteElo "1836"]
[BlackElo "2052"]
[PlyCount "126"]
[Result "1/2-1/2"]

1.e4 {Hello from Latvia! Good game.}  c5 2.Nf3 Nc6 
3.d4 cxd4 4.Nxd4 g6 5.Bb5 Bg7 6.Be3 Nf6 7.Nc3 O-O 
8.O-O a6 9.Bc4 Nxe4 10.Nxe4 d5 11.Nxc6 bxc6 12.Nd2 
dxc4 13.Nxc4 Be6 14.Qe2 Bxc4 15.Qxc4 Qd5 16.Qxd5 
cxd5 17.c3 Rab8 18.Rab1 e6 19.h3 Rb7 20.Rfc1 Rc8 
21.Kf1 f5 22.Ke2 Kf7 23.Kd3 e5 24.Rcd1 f4 25.Bd2 
e4+ 26.Ke2 Be5 27.h4 Ke6 28.Rde1 a5 29.Rec1 a4 
30.b3 Ra7 31.b4 Rb7 32.Kf1 Kf5 33.b5 Rc5 34.b6 Rc6 
35.Rb4 Rbxb6 36.Rxa4 Rba6 37.Rxa6 Rxa6 38.Rc2 Rc6 
39.Rc1 Kg4 40.a4 Kxh4 41.a5 Kg4 42.Rb1 Bxc3 
43.Bxc3 Rxc3 44.Ra1 d4 45.a6 Rc8 46.a7 Ra8 47.Ra4 
Kf5 48.f3 e3 49.Ke2 Ke5 50.Kd3 h6 51.Ra5+ Kd6 
52.Kxd4 Kc6 53.Ke4 g5 54.Ra6+ Kb7 55.Rxh6 e2 
56.Rh7+ Kb6 57.Rh1 Rxa7 58.Re1 Kc5 59.Rxe2 
{(offering draw)}  Re7+ 60.Kd3 Rxe2 61.Kxe2 Kc4 
62.Ke1 Kc3 63.Kf2 Kd2 {(offering draw)} 
 1/2-1/2

[Event "HCL-M844"]
[Site "www.playchess.de"]
[Date "2006.02.06"]
[Round "1"]
[White "temple"]
[Black "Munny"]
[WhiteElo "1794"]
[BlackElo "1767"]
[PlyCount "58"]
[Result "0-1"]

1.d4 {Hello,good luck.}  Nf6 {Hello again, have a 
nice game!}  2.c4 g6 3.Nc3 Bg7 4.e4 d6 5.f4 O-O 
6.Nf3 c5 7.d5 e6 8.Be2 exd5 9.exd5 Bg4 10.O-O Re8 
11.h3 Bxf3 12.Bxf3 Na6 13.a3 Nc7 14.Qc2 Qd7 15.Bd2 
a6 16.Rae1 b5 17.b3 Rab8 18.Rxe8+ Rxe8 19.Be2 Kf8 
20.Bd3 Re7 21.f5 Qe8 22.fxg6 hxg6 23.Bg5 Re1 
24.Qf2 Rxf1+ 25.Qxf1 Nh5 26.Ne4 Bd4+ 27.Kh2 Qe5+ 
28.Kh1 Qxe4 29.Bxe4 Ng3+ 0-1

[Event "HCL-M844"]
[Site "www.playchess.de"]
[Date "2006.02.06"]
[Round "11"]
[White "temple"]
[Black "marceli"]
[WhiteElo "1794"]
[BlackElo "1775"]
[PlyCount "68"]
[Result "0-1"]

1.d4 {Hello again.}  c5 {hello}  2.d5 d6 3.c4 e5 
4.Nc3 f5 5.e4 Nf6 6.Bd3 fxe4 7.Nxe4 Nxe4 8.Bxe4 g6 
9.Nf3 Bg7 10.O-O O-O 11.h3 Nd7 12.Bg5 Nf6 13.Qe2 
Qb6 14.Rab1 {Happy New Year!}  Nxe4 {Thanks alot, 
happy new year to you, too.}  15.Qxe4 Bf5 16.Qe2 
Bxb1 17.Rxb1 Bf6 18.Qe3 Qa6 19.Qb3 e4 20.Bxf6 exf3 
21.Qc3 fxg2 22.Re1 Rae8 23.Re6 Rxe6 24.dxe6 Re8 
25.e7 d5 26.Qe5 Kf7 27.Bh8 dxc4 28.Qg7+ Ke6 
29.Qe5+ Kd7 30.Qd5+ Kxe7 31.Qxc5+ Qd6 32.Bf6+ Kd7 
33.Qxd6+ Kxd6 34.Kxg2 Kd5 0-1

[Event "HCL-C4066"]
[Site "www.playchess.de"]
[Date "2006.02.06"]
[Round "3"]
[White "daveboy6968"]
[Black "Idris"]
[WhiteElo "1008"]
[BlackElo "880"]
[PlyCount "76"]
[Result "0-1"]

1.d4 {hi good luck + happy new year ;-)}  d5 
{Thaks m8. All the best for 2006! Lets hope its a 
gooden. Cheers.}  2.e3 {i certainly echo your 
message :-)}  Nf6 {Happy New Year!}  3.Bd3 Be6 
4.f3 {how are the hangovers where you are? ;-) 
good time had at new year i hope :-)}  Nc6 {Downed 
some port 'hiccup!'}  5.Ne2 {i bet :-)))}  g6 
6.O-O Bg7 7.Bb5 Bd7 8.Bxc6 Bxc6 9.Nbc3 O-O 10.a4 
a5 11.g4 Qd6 12.b3 Nd7 13.Ba3 Qf6 14.b4 axb4 
15.Bxb4 Nb6 16.a5 Nd7 17.h3 e5 18.Bxf8 Nxf8 19.Qe1 
exd4 20.Nxd4 Ra6 21.Nxc6 Rxc6 22.Ra3 Rxc3 23.Rxc3 
Qxc3 24.Qd1 Qxa5 25.Rf2 b5 26.Rd2 c6 27.Rd3 b4 
28.Rb3 Bc3 29.Qc1 c5 30.Kg2 c4 31.Rb1 Qa3 32.Qd1 
Qa5 33.e4 dxe4 34.fxe4 Qa3 35.Kg3 Be5+ 36.Kh4 Qg3+ 
37.Kg5 Ne6+ 38.Kh6 Qh4+ 0-1

[Event "HCL-A2569"]
[Site "www.playchess.de"]
[Date "2006.02.06"]
[Round "1"]
[White "PartyJokker"]
[Black "Maillard"]
[WhiteElo "1323"]
[BlackElo "1522"]
[PlyCount "28"]
[Result "0-1"]

1.e4 c5 {Bonne partie!}  2.Nf3 a6 3.Bc4 e6 4.O-O 
Nc6 5.a4 Be7 6.d3 Bf6 7.c3 h6 8.Qe1 e5 9.h3 Nge7 
10.Be3 d6 11.Nbd2 O-O 12.Qe2 Be6 13.Nh2 Bxc4 
14.Nxc4 b6 0-1

[Event "HCL-B3817"]
[Site "www.playchess.de"]
[Date "2006.02.06"]
[Round "5"]
[White "munther"]
[Black "pegasus"]
[WhiteElo "1350"]
[BlackElo "1155"]
[PlyCount "49"]
[Result "1-0"]

1.e4 e5 2.Nf3 f6 3.Nxe5 fxe5 {?}  4.Qh5+ g6 
5.Qxe5+ Qe7 6.Qxh8 Qf7 7.Qe5+ Be7 8.Nc3 c6 9.d4 d6 
10.Qg3 Nf6 11.Be2 b5 12.e5 dxe5 13.dxe5 Nh5 
14.Bxh5 gxh5 15.Bg5 Nd7 16.Bxe7 Kxe7 17.Qg5+ Ke8 
18.O-O Bb7 19.e6 Qg6 20.exd7+ Kxd7 21.Rad1+ Kc7 
22.Qe7+ Kb6 23.Rd7 Rb8 24.Nd5+ Ka6 
25.Qa3+ 1-0

[Event "HCL-A2584"]
[Site "www.playchess.de"]
[Date "2006.02.06"]
[Round "9"]
[White "Sobral"]
[Black "tuGGy"]
[WhiteElo "1381"]
[BlackElo "1515"]
[PlyCount "48"]
[Result "0-1"]

1.d4 Nf6 2.Nf3 {Hello from São Paulo, Brazil! 
Regards.}  d5 3.c4 c6 4.Nc3 Bf5 5.e3 e6 6.Nh4 Bg6 
7.Nxg6 hxg6 8.Bd2 Bb4 9.cxd5 cxd5 10.Qa4+ Nc6 
11.Bb5 O-O 12.Bxc6 Bxc3 13.Bxc3 bxc6 14.Qxc6 Ne4 
15.Rc1 Qh4 16.O-O g5 17.f3 Rfc8 18.Qb7 Rcb8 19.Qa6 
Nxc3 20.bxc3 Rb2 21.Rcb1 Rab8 22.Qd3 g4 23.Rxb2 
Rxb2 24.Rb1 Qf2+ 0-1

[Event "HCL-M853"]
[Site "www.playchess.de"]
[Date "2006.02.06"]
[Round "9"]
[White "spieler"]
[Black "player27"]
[WhiteElo "1706"]
[BlackElo "1751"]
[PlyCount "38"]
[Result "0-1"]

1.e4 c5 {good luck in the tournament}  2.Nf3 Nc6 
3.d4 cxd4 4.Nxd4 Nf6 5.Nc3 e5 6.Ndb5 d6 7.Bg5 a6 
8.Bxf6 gxf6 9.Na3 b5 10.Nd5 f5 11.Bd3 Be6 12.Qh5 
Rg8 13.c3 Rxg2 14.Qf3 Rg8 15.exf5 Bxd5 16.Qxd5 Ne7 
17.Qe4 Bg7 18.Qh4 h5 19.Nxb5 axb5 0-1

[Event "HCL-B3856"]
[Site "www.playchess.de"]
[Date "2006.02.06"]
[Round "6"]
[White "WStanEvans"]
[Black "chessH"]
[WhiteElo "1410"]
[BlackElo "1262"]
[PlyCount "53"]
[Result "1-0"]

1.e4 {Greetings!}  e6 {Hi, wish u a good game.}  
2.d4 c5 3.c3 cxd4 4.cxd4 d5 5.e5 Ne7 6.Nf3 Ng6 
7.Nc3 Nc6 8.Be3 Bb4 9.Rc1 Bxc3+ 10.Rxc3 O-O 11.Be2 
a6 12.O-O f6 13.Bd3 fxe5 14.Bxg6 exd4 15.Nxd4 Nxd4 
16.Bxh7+ Kxh7 17.Bxd4 Qg5 18.Rg3 Qe7 19.Bxg7 Qxg7 
20.Rxg7+ Kxg7 21.Qd4+ Kf7 22.Rd1 Ke7 23.Re1 Kd6 
24.f4 Bd7 25.Qe5+ Kc6 26.Rc1+ Kb6 
27.Qc7+ 1-0

[Event "HCL-A2500"]
[Site "www.playchess.de"]
[Date "2006.02.06"]
[Round "10"]
[White "Curtis"]
[Black "vega3"]
[WhiteElo "1407"]
[BlackElo "1362"]
[PlyCount "69"]
[Result "1-0"]

1.c4 e5 2.e3 Bb4 3.Nf3 Nc6 4.Be2 Nf6 5.O-O O-O 
6.a3 Ba5 7.b4 Nxb4 8.axb4 Bxb4 9.Nxe5 d6 10.Nf3 
Re8 11.d4 Bf5 12.Na3 c5 13.d5 a6 14.Bb2 Ne4 15.Nb1 
Qd7 16.Nfd2 Nf6 17.Bxf6 gxf6 18.Nf3 b5 19.cxb5 
axb5 20.Rxa8 Rxa8 21.Qb3 Kh8 22.Qb2 Kg7 23.Nh4 Be4 
24.Rd1 Qb7 25.h3 Qd7 26.Bg4 Qe8 27.Nf5+ Bxf5 
28.Bxf5 Qe5 29.Qxe5 fxe5 30.Nd2 c4 31.Ne4 c3 
32.Rc1 Ra3 33.Bd7 Rb3 34.Bxb5 f5 
35.Bc4 1-0

[Event "ACL-T171"]
[Site "www.playchess.de"]
[Date "2006.02.06"]
[Round "5"]
[White "Chascarrillo"]
[Black "ksterleu"]
[WhiteElo "2133"]
[BlackElo "1543"]
[PlyCount "57"]
[Result "1-0"]

1.e4 e5 2.Nf3 Nc6 3.Bb5 f5 4.Nc3 Nf6 {HI!}  5.exf5 
Bc5 6.O-O O-O 7.Nxe5 Nxe5 8.d4 Nf3+ 9.Qxf3 Bxd4 
10.Ne2 Bb6 11.Bd3 c6 12.Nf4 d5 13.Be3 Qd6 14.c4 d4 
15.Bd2 Bd7 16.Rae1 Rae8 17.a3 c5 18.Ne6 Rf7 19.Bf4 
Qc6 20.Qxc6 Bxc6 21.Bd6 Nd7 22.b4 cxb4 23.axb4 Nf6 
24.b5 Bd7 25.Ng5 Rxe1 26.Rxe1 h6 27.Nxf7 Kxf7 
28.c5 Ba5 29.Bc4+ 1-0